000 00349nam a2200157Ia 4500
003 0STCL
008 150530s9999 xx 000 0 und d
040 _aSTCL
_cSTCL
100 _aBertolt Brecht
245 _aThreepenny opera vol-2 part-2
260 _c1979
546 _aEnglish
942 _2ddc
_cBK
999 _c56349
_d56349
005 20220125171007.0